| 000 | 00584nam a2200181 i 4500 | ||
|---|---|---|---|
| 001 | 76668 | ||
| 003 | ES-MaACL | ||
| 005 | 20230906172921.0 | ||
| 007 | t| | ||
| 008 | 041004s1961 sp ||||1| spa d | ||
| 100 | 1 |
_aGuittard, Louis. _960913 |
|
| 245 | 1 | 3 |
_aLa evolución religiosa de los adolescentes / _cLouis Guittard ; [versión española de Julio Gómez de la Serna]. |
| 260 |
_aBarcelona : _bHerder, _c[1961] |
||
| 300 |
_a419 p. ; _c24 cm. |
||
| 700 | 1 |
_aGómez de la Serna, Julio, _d1895-1983 _957899 |
|
| 852 |
_aES-MaACL _jC-19655 _bR.47564 |
||
| 999 |
_c76668 _d76668 |
||